Music Quiz

Random Music or Rock Quiz

Candle in the Wind Clicky-oke Quiz Stats

 Plays Quiz Updated May 21, 2016

Score 0/24 Timer 05:00
3 Plays Today
% Correct
Like a candle in the wind
90.9%
Like a candle in the wind
90.6%
Your legend ever did
90.2%
Your legend ever did
89.9%
When the rain set in
88.9%
But I was just a kid
88.6%
When the rain set in
88.2%
But I was just a kid
87.9%
Like a candle in the wind
87.5%
When the rain set in
87.2%
Your legend ever did
86.7%
But I was just a kid
86.4%
% Correct
Was that Marilyn was found in the nude
85.9%
Oh the press still hounded you
82.7%
While those around you crawled
82.2%
While those around you crawled
76.8%
More than just our Marilyn Monroe
76.5%
And they made you change your name
76%
Though I never knew you at all
69.2%
And they whispered into your brain
65.9%
From the young man in the 22nd row
64.2%
And pain was the price you paid
64.2%
The toughest role you ever played
61.4%
Though I never knew you at all
61.2%

You're not logged in!

Compare scores with friends on all Sporcle quizzes.
OR
Log In

Show Comments

Extras

Top Quizzes Today


Score Distribution

Your Account Isn't Verified!

In order to create a playlist on Sporcle, you need to verify the email address you used during registration. Go to your Sporcle Settings to finish the process.

Report this User

Report this user for behavior that violates our Community Guidelines.

Details: